El coloquio relacional
Na minha lista:
| Autor principal: | |
|---|---|
| Formato: | Livro |
| Idioma: | espanhol |
| Publicado em: |
Barcelona
Paidós Ibérica
2003
|
| Edição: | 1a. ed |
| coleção: | Terapia Familiar, 87
|
| Assuntos: | |
| Tags: |
Adicionar Tag
Sem tags, seja o primeiro a adicionar uma tag!
|
MARC
| LEADER | 00000cam a2200000 a 4500 | ||
|---|---|---|---|
| 001 | UCK1027 | ||
| 003 | CL-VaPUC | ||
| 008 | 041029e20030000SP |||||||||||||||||spa|d | ||
| 020 | |a 8449314348 | ||
| 082 | 0 | 4 | |a 616.89156 |b AND |2 21 |
| 100 | 0 | |a Andolfi, Maurizio |e author |9 488853 | |
| 245 | 1 | 3 | |a El coloquio relacional |
| 250 | |a 1a. ed | ||
| 300 | |a 219 p | ||
| 942 | |c BK | ||
| 945 | |d 20041029 00:00:00 |a cmena | ||
| 260 | |a Barcelona |b Paidós Ibérica |c 2003 | ||
| 650 | 0 | |a Terapia familiar |9 312193 | |
| 650 | 7 | |a PSICOTERAPIA |2 CL-VaPUC |9 488854 | |
| 650 | 0 | |a Familias |9 255641 | |
| 583 | |a last modification |c 20120829 12:23:38 |k Rodrigo Vera | ||
| 490 | 0 | |a Terapia Familiar, 87 | |
| 999 | |c 311161 |d 311159 | ||
| 952 | |0 0 |1 0 |4 0 |6 616_891560000000000_AND_2003 |7 0 |8 A |9 380439 |a BIBEDU |b BIBEDU |d 2019-11-21 |i 4074564 |o 616.89156 AND 2003 |p 4074564 |r 2019-11-21 |w 2019-11-21 |y BK |k PSI | ||
| 952 | |0 0 |1 0 |4 0 |6 616_891560000000000_AND_2003 |7 0 |8 A |9 380440 |a BIBEDU |b BIBEDU |d 2019-11-21 |i 489930K |l 2 |o 616.89156 AND 2003 |p 489930K |r 2024-10-21 |s 2024-09-12 |w 2019-11-21 |y BK |k PSI | ||
| 952 | |0 0 |1 0 |4 0 |6 616_891560000000000_AND_2003 |7 0 |8 A |9 380441 |a BIBEDU |b BIBEDU |d 2019-11-21 |i 4899318 |l 2 |m 2 |o 616.89156 AND 2003 |p 4899318 |r 2025-05-07 |s 2025-04-16 |w 2019-11-21 |y BK |k PSI | ||